" Hechos y normas" /
Bewaard in:
| Hoofdauteur: | |
|---|---|
| Formaat: | Texto |
| Onderwerpen: | |
| Tags: |
Voeg label toe
Geen labels, Wees de eerste die dit record labelt!
|
MARC
| LEADER | 00000 a a2200000 04500 | ||
|---|---|---|---|
| 001 | 14234 | ||
| 003 | |||
| 040 | |||
| 100 | |a Serrano López, Augusto | ||
| 245 | |a " Hechos y normas" / |c Augusto Serrano López | ||
| 650 | |a METODOLOGIA | ||
| 650 | |a TEORIA | ||
| 650 | |a INVESTIGACION | ||
| 650 | |a METODOS DE INVESTIGACION | ||
| 650 | |a CIENCIAS SOCIALES | ||
| 650 | |a MARXISMO | ||
| 773 | |g número 17; páginas 9-22 | ||
| 999 | |c 31828 |d 31828 | ||
